000 01293nam a2200337 a 4500
001 ebr10511562
003 CaPaEBR
006 m u
007 cr cn|||||||||
008 111213s2005 enka sb 001 0 eng d
020 _z1900364964
020 _z9781900364966
020 _z9781904752776 (e-book)
040 _aCaPaEBR
_cCaPaEBR
035 _a(OCoLC)666952213
050 1 4 _aRG580.B56
_bH34 2005eb
245 0 0 _aHaemorrhage and thrombosis for the MRCOG and beyond
_h[electronic resource] /
_cedited by Ann Harper.
260 _aLondon :
_bRCOG Press,
_c2005.
300 _axi, 132 p. :
_bill. (some col.).
490 1 _aMRCOG and beyond series
504 _aIncludes bibliographical references and index.
533 _aElectronic reproduction.
_bPalo Alto, Calif. :
_cebrary,
_d2013.
_nAvailable via World Wide Web.
_nAccess may be limited to ebrary affiliated libraries.
650 0 _aBlood coagulation disorders in pregnancy.
650 0 _aUterine hemorrhage.
650 0 _aThromboembolism.
655 7 _aElectronic books.
_2local
700 1 _aHarper, Ann.
710 2 _aebrary, Inc.
830 0 _aMRCOG and beyond series.
856 4 0 _uhttp://site.ebrary.com/lib/rucke/Doc?id=10511562
_zAn electronic book accessible through the World Wide Web; click to view
999 _c222593
_d222593